Allgemeinwissen 1 - Statistiken

Allgemein
  • Dieses Quiz wurde 118 mal gespielt
  • Das Durchschnittsergebnis liegt bei 12 aus 16
Antwortstatistiken
Hint Antwort % Korrekt
Was ist die Hauptstadt der Schweiz? Bern
98%
Wie viele Sterne befinden sich auf der Flagge der USA 50
95%
Wie viele Teile hat Herr der Ringe? 3
94%
Was ist das Ergebnis von 12 x 12? 144
92%
Wie alt wurde Queen Elisabeth II.? 96
89%
Wofür steht die in Internet Domains vorhandene Abkürzung WWW? World Wide Web
89%
Wer schrieb Harry Potter? J. K. Rowling
86%
Welcher niederländische Maler schnitt sich angeblich ein Ohr ab? Vincent van Gogh
86%
In welchem Land wurde der Drogenboss Pablo Escobar geboren? Kolumbien
81%
Wie viele Menschen gehören zu einem Duodezett? 12
73%
Welcher 1997 erschienene Film gewann 1998 den Oscar für den besten Film? Titanic
73%
Aus welcher Pflanze wird Tofu hauptsächlich hergestellt? Sojabohnen
68%
Wie hieß der Amerikanische Präsident im 2. Weltkrieg? (1936-1944) Franklin D. Roosevelt
54%
Von wem stammen die Märchen "Die kleine Meerjungfrau" und "Die Prinzessin auf der Erbse"? Hans C. Anderssen
52%
Welche russische Stadt hieß früher Königsberg? Kaliningrad
51%
Wer schrieb "Die Verwandlung"? Franz Kafka
46%
Keine übereinstimmenden Quizze gefunden
Verteilung der Resultate
Anzahl Personen mit jedem Resultat
Perzentil nach korrekt beantworteten Fragen
Ihre Resultats-Entwicklung
Sie haben dieses Quiz noch nicht gespielt